| 000 | 00375nam a2200157Ia 4500 | ||
|---|---|---|---|
| 008 | 230524s9999 xx 000 0 und d | ||
| 082 |
_a621.3822 _bMOJ |
||
| 100 | _aMonojit Mitra | ||
| 245 | 0 | _aMicrowave Engineering | |
| 250 | _a2ND | ||
| 260 |
_aNEW DELHI _bDhanpat Rai _c2004 |
||
| 300 | _a15.6 | ||
| 500 | _aQuantity Number: 4 | ||
| 650 | _aElectronics | ||
| 942 | _cBK | ||
| 999 |
_c16858 _d16858 |
||